| 000 | 00552nam a2200193Ia 4500 | ||
|---|---|---|---|
| 005 | 20250508162859.0 | ||
| 008 | 008 250505s9999 xx 000 0 eng d | ||
| 037 | _aBooks to be hide in OPAC | ||
| 040 |
_aFEDL _beng _cFEDL |
||
| 041 |
_aeng _2eng |
||
| 084 |
_a491.2, GHA/O _qFEDL |
||
| 100 | _aGhatage A M | ||
| 245 | 0 | _aIntroduction to ardha-magadhi | |
| 260 |
_aPune, India _bSanmati Teerth _c1993 |
||
| 300 | _axii,253p. | ||
| 546 | _aSanmati teerth publication No. 2 | ||
| 942 |
_cHB _h491.2, GHA/O |
||
| 999 |
_c1379217 _d1379217 |
||